000 00456nam a2200169Ia 4500
999 _c29
_d29
003 OSt
005 20210827102913.0
008 190216s9999||||xx |||||||||||||| ||und||
040 _coclc
082 _a492.7
_bISH/W
100 _aIshaque, Ahmed
_98707
245 0 _aWahuwal Gafooru Raheem /
_cAhmed Ishaque
260 _bKitab Bhavan,
_aNew Delhi:
300 _a96p
650 _aArabic
942 _cBK
_2ddc
_h492.7
_iISH/W
_k492.7
_mISH/W